Do you hear the people sing? Full Lyrics - Statistics

General Stats
  • This quiz has been taken 22 times
  • The average score is 182 of 219
Answer Stats
Answer % Correct
a
100%
be
100%
do
100%
hear
100%
is
100%
it
100%
me?
100%
of
100%
people
100%
sing?
100%
so
100%
the
100%
to
100%
who
100%
will
100%
you
100%
and
90%
in
90%
there
90%
when
90%
with
90%
your
90%
about
80%
again!
80%
angry
80%
join
80%
men?
80%
music
80%
not
80%
singing
80%
slaves
80%
song
80%
barricade
70%
beating
70%
comes!
70%
crusade?
70%
drums
70%
echoes
70%
heart
70%
life
70%
our
70%
see?
70%
stand
70%
tomorrow
70%
beyond
60%
long
60%
some
60%
start
60%
strong
60%
fight
50%
free!
50%
then
50%
world
50%
live
40%
that
40%
all
30%
blood
30%
can
30%
chance?
30%
fall
30%
France!
30%
martyrs
30%
may
30%
meadows
30%
right
30%
take
30%
up
30%
water
30%
advance
20%
banner
20%
give
20%
No matching quizzes found
Score Distribution
Percent of People with Each Score
Percentile by Number Answered
Your Score History
You have not taken this quiz